Fondo de compensacin̤ interterritorial: anl̀isis y propuestas de reforma

Detalles Bibliográficos
Autor principal: Lago Peąs, Santiago
Otros Autores: Fernǹdez Leiceaga, Xoaqun̕
Formato: Libro
Lenguaje:español
Publicado: Madrid Instituto Nacional de Administracin̤ Pb︢lica (INAP) 2015
Materias:
Acceso en línea:Acceso restringido

MARC

LEADER 00000nam a22000007a 4500
005 2015093005055.0
007 cr|||| ||u|
008 150930s2015 spa||||| ||||s00||0 spa d
020 |a 978-84-7351-452-1 
035 |a 12858 
040 |a vLex 
090 |c 5565  |d 5565 
100 1 |a Lago Peąs, Santiago 
245 1 0 |a Fondo de compensacin̤ interterritorial: anl̀isis y propuestas de reforma  |h [Recurso electrn̤ico]  |c Santiago Lago Peąs  
256 |a Servicio en ln̕ea 
260 |a Madrid  |b Instituto Nacional de Administracin̤ Pb︢lica (INAP)  |c 2015 
300 |a 1 recurso electrn̤ico 
500 |a El Fondo de Compensacin̤ Interterritorial (FCI) es el principal instrumento de polt̕ica regional previsto en la Constitucin̤ Espaǫla. En este trabajo se analiza su funcionamiento y principales caracters̕ticas desde su configuracin̤ como mecanismo exclusivo de polt̕ica regional en el aǫ 1990. De manera concreta, se destacan sus elementos de continuidad, as ̕como los efectos sobre la inversin̤ pb︢lica autonm̤ica de las Comunidades Autn̤omas beneficiarias, incorporando los efectos del l︢timo boom y la posterior crisis. Partiendo de una evaluacin̤ crt̕ica del FCI, se articula una propuesta con el objetivo de recuperar su papel en el futuro, como mecanismo para la correccin̤ de desequilibrios territoriales, mediante actividades de inversin̤. 
506 1 |a Contenido solo disponible en los productos indicados  |d vLex Global  |d vLex Global (Academic Edition, excluding Law Schools)  |d vLex Global (U.S. Academic Edition, Law Schools)  |d vLex Global (U.S. Academic Edition, excluding Law Schools)  |d vLex Global (Academic Edition, Law Schools) 
650 0 4 |a Administracin̤ pb︢lica  |z Espaą 
700 1 |a Fernǹdez Leiceaga, Xoaqun̕ 
740 0 |a vLex libros 
856 4 0 |u http://vlex.com/source/fondo-de-compensacion-interterritorial-analisis-y-propuestas-de-reforma-12858  |z Acceso restringido 
942 |c BOOK 
999 0 |a Public Administration